Sylvia Porter's money book for the 80's : How to beat the high cost of living and use your earnings, credit, savings and investments to better your life

שמור ב:
מידע ביבליוגרפי
מחבר ראשי: Porter, Sylvia
פורמט: ספר
שפה:Undetermined
יצא לאור: New York Avon Books 1980
נושאים:
תגים: הוספת תג
אין תגיות, היה/י הראשונ/ה לתייג את הרשומה!
Thư viện lưu trữ: Trung tâm Học liệu Trường Đại học Cần Thơ
LEADER 00611nam a2200193Ia 4500
001 CTU_43409
008 210402s9999 xx 000 0 und d
082 |a 332.024 
082 |b P848 
100 |a Porter, Sylvia 
245 0 |a Sylvia Porter's money book for the 80's : 
245 0 |b How to beat the high cost of living and use your earnings, credit, savings and investments to better your life 
245 0 |c Sylvia Porter 
260 |a New York 
260 |b Avon Books 
260 |c 1980 
650 |a Finance, personal 
904 |i Minh, 010906 
980 |a Trung tâm Học liệu Trường Đại học Cần Thơ